Elenca la formazione - Quiz n°230 - Statistics

Statistiche generali
  • Questo quiz è stato fatto 32 volte
  • Il punteggio medio è 5 su 11
Statistiche sulle risposte
Ruolo Club dell'epoca Calciatore % Corretto
Attaccante Barcellona Lionel Messi
96%
Difensore Inter Javier Zanetti
88%
Centrocampista Inter Esteban Cambiasso
80%
Centrocampista Villarreal Juan Román Riquelme
52%
Centrocampista West Ham Utd Javier Mascherano
44%
Attaccante West Ham Utd Carlos Tévez
40%
Centrocampista Estudiantes Juan Sebastián Verón
32%
Difensore Real Saragozza Gabriel Milito
28%
Difensore Manchester United Gabriel Heinze
24%
Portiere Getafe Roberto Abbondanzieri
12%
Difensore Valencia Roberto Ayala
8%
Nessun quiz corrispondente trovato
Distribuzione punteggi
Percentuale di utenti per punteggio
Percentile per numero di risposta
I tuoi punteggi nel tempo
Non hai fatto questo quiz